00324 a2200109 450000100060000008200120000610000470001824500840006526000340014930000080018350000230019191406 aPR 1302 aRaheel Altaf; Prof Tariq Mahmood (Advisor) aAnalysis and Design of Nozzle for Abrasive Water Jet Cutting Machinen49 "A" EC aKarachibNED Universityc1998 a53p aBE Project Reports